[Event "Tata Steel TCh-Asia"]
[Site "Kolkata IND"]
[Date "2009.12.26"]
[Round "5"]
[White "Rahman,Zia"]
[Black "Le Quang Liem"]
[Result "0-1"]
[WhiteElo "2545"]
[BlackElo "2624"]

1.d4 Nf6 2.Nf3 e6 3.e3 b6 4.Bd3 Bb7 5.O-O c5 6.b3 Be7 7.Bb2 O-O 8.Nbd2 Nc6
9.a3 Rc8 10.Qe2 d6 11.c4 Qc7 12.Rac1 h6 13.Rfd1 Rfe8 14.Ne4 Nb8 15.Nxf6+ Bxf6
16.dxc5 Bxf3 17.gxf3 bxc5 18.Bxf6 gxf6 19.Kh1 Kf8 20.Rg1 Nd7 21.Rg3 Ke7 22.Rcg1 Rb8
23.Bc2 f5 24.Qd2 f4 25.Rg7 Nf6 26.R1g6 Qc6 27.e4 e5 28.Rxh6 Qa6 29.Qc1 Rh8
30.Rxh8 Rxh8 31.Bd3 Qb6 32.Bc2 Ne8 33.Rg1 Nc7 34.Qf1 Ne6 35.Qg2 Qa5 36.b4 cxb4
37.axb4 Qxb4 38.Rb1 Qc3 39.Rb7+ Kf6 40.Qg4 Nd4 41.Bd1 Qc1 42.Kg2 Rh7 43.Qd7 Rg7+
44.Kh3 Qxc4 45.Qe7+ Kg6 46.Qxd6+ Ne6  0-1

[Event "Tata Steel TCh-Asia"]
[Site "Kolkata IND"]
[Date "2009.12.27"]
[Round "6"]
[White "Le Quang Liem"]
[Black "Megaranto,S"]
[Result "1-0"]
[WhiteElo "2624"]
[BlackElo "2522"]

1.d4 Nf6 2.Nf3 e6 3.c4 Nc6 4.Nc3 Bb4 5.Qc2 d6 6.a3 Bxc3+ 7.Qxc3 h6 8.b4 O-O
9.Bb2 Re8 10.Rd1 Qe7 11.d5 Nd8 12.e3 e5 13.Be2 Nh7 14.O-O f5 15.Nd2 Nf6 16.f3 Nf7
17.Bd3 h5 18.f4 e4 19.Be2 Nh6 20.Nb3 Bd7 21.h3 Kh7 22.c5 Ba4 23.Rd2 Rg8 24.Na5 b6
25.cxd6 cxd6 26.Nc6 Qf7 27.b5 a6 28.Qb4 Bxb5 29.Bxb5 axb5 30.Qxd6 Qd7 31.Qe7 Qxe7
32.Nxe7 Rgd8 33.Bxf6 gxf6 34.Rc1 Rd7 35.d6 Raa7 36.Rc3 Kg7 37.Nc8 Rab7 38.Rc6 Nf7
39.Nxb6 Rd8 40.Kf2 Ra7 41.Nc8 Rxa3 42.Ne7 b4 43.Rb6 b3 44.Nxf5+ Kg6 45.Rd5 Ra2+
46.Kg3 b2 47.d7 Ra7 48.Rxb2  1-0

[Event "8th Parsvnath Open"]
[Site "New Delhi IND"]
[Date "2010.01.14"]
[Round "1"]
[White "Le Quang Liem"]
[Black "Chiraranjan,B"]
[Result "1-0"]
[WhiteElo "2647"]
[BlackElo "1912"]

1.d4 d5 2.c4 e6 3.Nc3 Nf6 4.cxd5 exd5 5.Bg5 Be7 6.e3 c6 7.Bd3 Nbd7 8.Qc2 h6
9.Bh4 Nh5 10.Bxe7 Qxe7 11.O-O-O Nb6 12.h3 Be6 13.Nf3 O-O-O 14.Ne5 Kb8 15.Kb1 Nf6
16.f4 Nfd7 17.Nf3 Nf6 18.Rhe1 Qc7 19.Ne5 Rhe8 20.Rc1 Re7 21.Ka1 Qd6 22.Qb3 Ka8
23.a4 Bc8 24.a5 Nbd7 25.a6 Nb6 26.Na4 Nxa4 27.Qxa4 Rc7 28.axb7+ Bxb7 29.Rc3 Ng8
30.Rec1 Ne7 31.Nxf7 Qd7 32.Nxd8 Qxd8 33.Ra3 Bc8 34.Rc5 Be6 35.Rb3 Qc8 36.Ba6 Qd8
37.Qb4  1-0

[Event "8th Parsvnath Open"]
[Site "New Delhi IND"]
[Date "2010.01.14"]
[Round "2"]
[White "Lakshmanrao,D"]
[Black "Le Quang Liem"]
[Result "1/2-1/2"]
[WhiteElo "2213"]
[BlackElo "2647"]

1.e4 c5 2.Nf3 d6 3.d4 cxd4 4.Qxd4 a6 5.Bg5 Nc6 6.Qd2 Nf6 7.Nc3 e6 8.O-O-O Qa5
9.Bf4 Ng4 10.h3 Nge5 11.Nd4 Be7 12.Be3 O-O 13.Kb1 Qc7 14.f4 Nd7 15.g3 Nxd4
16.Bxd4 b5 17.Bg2 Bb7 18.Rhe1 Rfd8 19.Ne2 Nc5 20.Nc1 a5 21.Nd3 Rac8 22.Bxc5 dxc5
23.Qe2 c4 24.Ne5 c3 25.Rxd8+ Rxd8 26.Rd1 Rxd1+ 27.Qxd1 cxb2 28.Qd3 f6 29.Nf3 Qd6
30.Qxd6 Bxd6 31.Nd4 f5 32.Nxe6 Ba3 33.Nd4 fxe4 34.Nxb5 e3 35.Bf1 Be7 36.Be2 Bf6
37.c3 Kf8 38.Kxb2 Ke7 39.Nd4 Be4 40.Nc2 Bxc2 41.Kxc2 Kd6 42.Kd3 Kc5 43.a4 h6
44.Kxe3 Bxc3 45.Ke4 Kd6 46.Kf5 Ke7 47.Kg6 Kf8 48.g4 Bd2 49.Kf5 Be1 50.g5 hxg5
51.fxg5 Bf2 52.Kg6 Be1 53.Bd3 Bf2 54.Kh5 Be1 55.h4 Bf2 56.Kg4 Be1 57.h5 Bd2
58.Kf5 Bc1 59.Kg6 Bd2 60.h6 gxh6 61.gxh6 Bc3  1/2-1/2

[Event "8th Parsvnath Open"]
[Site "New Delhi IND"]
[Date "2010.01.15"]
[Round "3"]
[White "Le Quang Liem"]
[Black "Singh,SV"]
[Result "1/2-1/2"]
[WhiteElo "2647"]
[BlackElo "2214"]

1.d4 Nf6 2.Nf3 g6 3.c4 Bg7 4.Nc3 d6 5.e4 O-O 6.h3 e5 7.d5 Nbd7 8.Be3 Nc5
9.Nd2 a5 10.g4 Ne8 11.Rg1 Bd7 12.Qc2 f5 13.gxf5 gxf5 14.Be2 f4 15.Bxc5 dxc5
16.Bg4 Nd6 17.Qd3 Kh8 18.Nf3 Bf6 19.O-O-O Be8 20.Rg2 Rg8 21.Rdg1 Qe7 22.Nb5 Bf7
23.Nxd6 cxd6 24.Qa3 Rg7 25.Bf5 Rxg2 26.Rxg2 a4 27.Nd2 Bh4 28.Kd1 Rg8 29.Rxg8+ Kxg8
30.Ke2 Be8 31.b4 axb3 32.axb3 Kg7 33.Qa5 Qd8 34.Qa7 Qc7 35.Qa8 Bd8 36.Kf3 b5
37.cxb5 Bxb5 38.Nc4 Bxc4 39.bxc4 h5 40.Qa4 Qe7 41.Ke2 Kh6 42.Kd3 Kg5  1/2-1/2

[Event "8th Parsvnath Open"]
[Site "New Delhi IND"]
[Date "2010.01.16"]
[Round "4"]
[White "Raghavendra,V"]
[Black "Le Quang Liem"]
[Result "0-1"]
[WhiteElo "2117"]
[BlackElo "2647"]

1.d4 Nf6 2.c4 e6 3.Nc3 Bb4 4.e3 O-O 5.Bd3 c5 6.Nf3 d5 7.O-O dxc4 8.Bxc4 Nc6
9.a3 Bxc3 10.bxc3 Qc7 11.Qd3 e5 12.Nxe5 Nxe5 13.dxe5 Qxe5 14.f3 Be6 15.Bxe6 Qxe6
16.Rd1 Qe7 17.e4 Rad8 18.Qc2 Rxd1+ 19.Qxd1 Rd8 20.Qc2 Nd5 21.Bd2 Nb6 22.Be3 Nc4
23.Qe2 b5 24.Qf2 Qe5 25.Rc1 h6 26.Bxc5 Rd2 27.Bd4 Rxf2 28.Bxe5 Nxe5 29.Rb1 Ra2
30.Rxb5 Nd3  0-1

[Event "8th Parsvnath Open"]
[Site "New Delhi IND"]
[Date "2010.01.16"]
[Round "5"]
[White "Le Quang Liem"]
[Black "Gokhale,C"]
[Result "1-0"]
[WhiteElo "2647"]
[BlackElo "2271"]

1.d4 Nf6 2.Nf3 e6 3.c4 Bb4+ 4.Nbd2 O-O 5.a3 Bxd2+ 6.Bxd2 d6 7.Bg5 Nbd7 8.e3 Qe7
9.Be2 b6 10.Nd2 Bb7 11.O-O h6 12.Bh4 e5 13.Re1 Rfe8 14.Rc1 c5 15.d5 Nf8 16.Bd3 g5
17.Bg3 Bc8 18.h3 e4 19.Bc2 Bf5 20.f4 N8h7 21.fxg5 hxg5 22.b4 Bg6 23.bxc5 bxc5
24.Rb1 Reb8 25.Nb3 Qc7 26.Qd2 a5 27.Qc3 Nh5 28.Bh2 f5 29.Rf1 Rf8 30.Nd2 N7f6
31.Rf2 g4 32.Nf1 Qe7 33.Rb6 Ne8 34.Ba4 Rf6 35.Bxe8 Rxe8 36.hxg4  1-0

[Event "8th Parsvnath Open"]
[Site "New Delhi IND"]
[Date "2010.01.17"]
[Round "6"]
[White "Murali Krishnan,B"]
[Black "Le Quang Liem"]
[Result "1/2-1/2"]
[WhiteElo "2385"]
[BlackElo "2647"]

1.d4 Nf6 2.c4 e6 3.Nf3 b6 4.e3 Bb7 5.Bd3 Be7 6.Nbd2 d5 7.O-O O-O 8.b3 Nbd7
9.Bb2 c5 10.cxd5 Nxd5 11.Qb1 h6 12.a3 Rc8 13.Rc1 Rc7 14.Ne4 cxd4 15.Bxd4 N5f6
16.Nxf6+ Bxf6 17.Rxc7 Qxc7 18.Bh7+ Kh8 19.Be4 Bxd4 20.Nxd4 Bxe4 21.Qxe4 Rc8
22.h3 Nf6 23.Qd3 Rd8 24.Qf1 Qd6 25.b4 e5 26.Nb5 Qd7 27.Rc1 a6 28.Nc3 b5 29.Rd1 Qc7
30.Rxd8+ Qxd8 31.Qd1 Qxd1+ 32.Nxd1 Nd5 33.e4 Nb6 34.Nb2 Kg8 35.Kf1 Kf8 36.Ke2 Ke7
37.Kd3 g6 38.g3 f5 39.f3 Kf6 40.h4 h5 41.Ke3 g5 42.hxg5+ Kxg5 43.exf5 Kxf5
44.g4+ hxg4 45.fxg4+ Kxg4 46.Ke4 Nc4 47.Nd3 Nxa3 48.Kxe5 Nc2 49.Kd5 Kf3 50.Ne5+ Ke3
51.Kc5 Kd2 52.Nc6 Kc3 53.Nb8 Nxb4 54.Nxa6 Nxa6+ 55.Kxb5  1/2-1/2

[Event "8th Parsvnath Open"]
[Site "New Delhi IND"]
[Date "2010.01.18"]
[Round "7"]
[White "Le Quang Liem"]
[Black "Sachdev,T"]
[Result "1/2-1/2"]
[WhiteElo "2647"]
[BlackElo "2398"]

1.Nf3 Nf6 2.c4 b6 3.g3 Bb7 4.Bg2 e6 5.O-O c5 6.Nc3 Be7 7.d4 cxd4 8.Qxd4 Nc6
9.Qf4 O-O 10.Rd1 d6 11.b3 Qb8 12.Bb2 a6 13.Ng5 e5 14.Qd2 Nd4 15.Nge4 Nxe4
16.Bxe4 Bxe4 17.Nxe4 Nc6 18.Rac1 Rd8 19.Nc3 Bf8 20.Nd5 Ne7 21.Ba3 b5 22.Ne3 bxc4
23.Rxc4 Qb7 24.Qc2 Qb6 25.Rc3 Rac8 26.Nc4 Qc6 27.Qd2 Nf5 28.Rd3 Nd4 29.Bb2 Ne6
30.Nxd6 e4 31.Rd5 Bxd6 32.Rxd6 Rxd6 33.Qxd6 Qxd6 34.Rxd6 Rc2 35.Ba3 Rxa2
36.Rxa6 h6 37.Ra4 Rxe2 38.Kf1 Ra2 39.Bc1 Rc2 40.Rc4 Rxc4 41.bxc4 f5 42.Ke2 Kf7
43.Bb2 g5 44.Ke3 g4 45.Be5 Ke7 46.Kd2 Kd7 47.Kc3 Kc6 48.Bd4 h5 49.Be3 Kd6
50.Kb3 Kc6 51.Kb4 Nf8 52.Kc3 Ne6 53.Kb3 Nf8 54.Bh6 Nd7 55.Kc3 Ne5 56.Kd4 Nd3
57.Be3 Kd6 58.c5+ Nxc5 59.Bf4+ Kc6 60.Ke5 Nd3+ 61.Kxf5 Nxf2 62.Be3 Nd3 63.Kxe4 Ne1
64.Bf2 Nf3 65.h4 Nd2+ 66.Ke5 Nf1 67.Ke6 Nd2 68.Be3 Nf1 69.Bf2 Nd2 70.Ke5 Nf1
71.Be1 Kc5 72.Kf4 Kd4 73.Ba5 Kd3 74.Bc7 Ke2 75.Kg5 Kf3 76.Kxh5 Nxg3+ 77.Kg5 Ne4+
78.Kg6 g3 79.h5 g2 80.Bh2 Nf2 81.Kg5 Ng4 82.Bg1 Kg3 83.h6 Nxh6  1/2-1/2

[Event "8th Parsvnath Open"]
[Site "New Delhi IND"]
[Date "2010.01.20"]
[Round "9"]
[White "Le Quang Liem"]
[Black "Shivananda,B"]
[Result "1-0"]
[WhiteElo "2647"]
[BlackElo "2396"]

1.Nf3 Nf6 2.c4 g6 3.Nc3 d5 4.d4 Bg7 5.Bg5 dxc4 6.e4 c5 7.d5 b5 8.d6 Qxd6
9.e5 Qxd1+ 10.Rxd1 Ng4 11.Nxb5 Na6 12.Bxc4 Be6 13.Bxe6 fxe6 14.O-O Rb8 15.a4 Rf8
16.Bc1 Rf5 17.Ng5 Bxe5 18.h3 Nh6 19.g4 Rf6 20.Ne4 Nf7 21.f4 Bc7 22.Rfe1 Nd8
23.Nxf6+ exf6 24.Nxa7 Ba5 25.Rxd8+ Rxd8 26.Rxe6+ Kf7 27.Rxa6 Rd1+ 28.Kg2 Bb4
29.Be3 Rb1 30.Nc6 Rxb2+ 31.Kf3 Ba3 32.f5 gxf5 33.gxf5 c4 34.Ra7+ Ke8 35.Nd4 Bd6
36.Nb5 Be5 37.Bd4 Rxb5 38.axb5 Bxd4 39.Rxh7  1-0

[Event "8th Parsvnath Open"]
[Site "New Delhi IND"]
[Date "2010.01.21"]
[Round "10"]
[White "Le Quang Liem"]
[Black "Sengupta,D"]
[Result "1/2-1/2"]
[WhiteElo "2647"]
[BlackElo "2480"]

1.d4 d5 2.Nf3 e6 3.c4 c6 4.Qc2 Bd6 5.g3 f5 6.Bg2 Nf6 7.O-O Nbd7 8.cxd5 cxd5
9.Nbd2 O-O 10.Ne1 b6 11.Nd3 Bb7 12.Nf3 Qc7 13.Qb3 Rfc8 14.Bf4 Bxf4 15.Nxf4 Qd6
16.a4 Ne4 17.Qa3 Qxa3 18.Rxa3 Rc2 19.a5 Kf7 20.axb6 axb6 21.Rxa8 Bxa8 22.Ra1 Bc6
23.Ra7 Ke7 24.Nd3 Bb5 25.Nfe5 Nf6 26.Bf1 Bxd3 27.Nxd3 Kd6 28.f3 Rc4 29.Kf2 Rc2
30.Ke1 g5 31.Kd1 Rc4 32.b3 Rc3 33.Nc1 h5 34.Ra8 Rc7 35.Kd2 Rb7 36.Nd3 e5
37.dxe5+ Nxe5 38.Nxe5 Kxe5 39.e3 g4 40.f4+ Ke6 41.Bd3 h4 42.Rh8 h3 43.Kc3 Ra7
44.Kb2 Rc7 45.Rb8 Rc6 46.Bb5 Rd6 47.Kc3 Ne4+ 48.Kd3 Nc5+ 49.Kc2 Kf7 50.Kc3 Re6
51.b4 Ne4+ 52.Kd4 Nd2 53.Kxd5 Nf3 54.Bc4 Nxh2 55.Kd4 Nf3+ 56.Kd3 h2 57.Bxe6+ Kf6
58.Rh8 Kxe6 59.Ke2 Kf6 60.e4 Kg7 61.Rh5 Kg6 62.Rh8 Kg7 63.Rh5 Kg6 64.Rh8  1/2-1/2

[Event "8th Parsvnath Open"]
[Site "New Delhi IND"]
[Date "2010.01.22"]
[Round "11"]
[White "Bitoon,R"]
[Black "Le Quang Liem"]
[Result "0-1"]
[WhiteElo "2458"]
[BlackElo "2647"]

1.e4 c5 2.Nf3 d6 3.d4 cxd4 4.Nxd4 Nf6 5.Nc3 a6 6.Bc4 e6 7.Bb3 Be7 8.g4 h6
9.Be3 Nc6 10.Rg1 Na5 11.Qe2 b5 12.f3 Qc7 13.O-O-O b4 14.Na4 Rb8 15.Kb1 g6
16.Qd2 e5 17.Ne2 Bd7 18.Bxh6 Bb5 19.Rg2 Nd7 20.Be3 Rc8 21.c3 Nxb3 22.axb3 Nc5
23.Nxc5 dxc5 24.c4 Bc6 25.Nc1 a5 26.Nd3 Rd8 27.Qf2 Rh3 28.Rg3 Rxg3 29.hxg3 a4
30.Bxc5 Bxe4 31.fxe4 Bxc5 32.Qf3 Qd7 33.Kc2 a3 34.bxa3 bxa3 35.Nc1 Bd4 36.Rh1 Ke7
37.g5 Qe6 38.Na2 Rb8 39.Nc3 Bxc3 40.Qxc3 Qd6 41.Rd1 Qc5 42.Kb1 Ra8 43.Ka2 Kf8
44.b4 Qe7 45.c5 Qxg5 46.c6 Qg4 47.Qd3 Kg7 48.Rd2 Qe6+ 49.Qd5 Rd8 50.Qxe6 Rxd2+
51.Kxa3 fxe6 52.Kb3 Rd1 53.Kc2 Rd8 54.b5 Kf7 55.Kb3 Ke7 56.Kb4 Kd6  0-1

[Event "ch-VIE"]
[Site "Ho Chi Minh City VIE"]
[Date "2010.03.26"]
[Round "2"]
[White "Le Quang Liem"]
[Black "Nguyen Hoang Nam1"]
[Result "1-0"]
[WhiteElo "2689"]
[BlackElo "2348"]

1.d4 Nf6 2.c4 g6 3.Nc3 d5 4.Bg5 Ne4 5.Bh4 Nxc3 6.bxc3 dxc4 7.Qa4+ Qd7 8.Qxc4 b6
9.Bg3 Nc6 10.Nf3 Bg7 11.e3 O-O 12.Be2 Bb7 13.O-O Rac8 14.Rfd1 Na5 15.Qb4 Rfd8
16.h3 h6 17.Rac1 Qe8 18.Bb5 Bc6 19.Ba6 Bb7 20.Bxb7 Nxb7 21.Qa3 Na5 22.c4 c5
23.d5 e6 24.e4 e5 25.Nd2 Ra8 26.f4 Nb7 27.Re1 Nd6 28.fxe5 Bxe5 29.Bxe5 Qxe5
30.Nf3 Qf4 31.Qd3 Re8 32.e5 Nf5 33.Rcd1 Nh4 34.Nxh4 Qxh4 35.e6 Rad8 36.Re4 Qh5
37.Rde1 g5 38.d6 Qg6 39.Qd5 fxe6 40.Rxe6 Rxe6 41.Rxe6 Qf7 42.Qe4  1-0

[Event "ch-VIE"]
[Site "Ho Chi Minh City VIE"]
[Date "2010.03.27"]
[Round "3"]
[White "Dao Thien Hai"]
[Black "Le Quang Liem"]
[Result "1/2-1/2"]
[WhiteElo "2523"]
[BlackElo "2689"]

1.d4 Nf6 2.c4 g6 3.Nc3 d5 4.Bg5 Ne4 5.Bh4 Nxc3 6.bxc3 Bg7 7.e3 c5 8.Nf3 Nc6
9.cxd5 Qxd5 10.Be2 cxd4 11.cxd4 O-O 12.O-O Bf5 13.Qa4 Qe4 14.Rad1 Rad8 15.Rfe1 Qd5
16.Bc4 Qd6 17.Bb5  1/2-1/2

[Event "ch-VIE"]
[Site "Ho Chi Minh City VIE"]
[Date "2010.03.28"]
[Round "4"]
[White "Le Quang Liem"]
[Black "Cao Sang"]
[Result "1-0"]
[WhiteElo "2689"]
[BlackElo "2557"]

1.Nf3 Nf6 2.c4 b6 3.g3 Bb7 4.Bg2 e6 5.O-O Be7 6.Nc3 O-O 7.Re1 d5 8.cxd5 Nxd5
9.e4 Nxc3 10.bxc3 c5 11.d4 Nc6 12.d5 Na5 13.Bf4 exd5 14.exd5 Bd6 15.Ne5 Qc7
16.Qg4 Rfe8 17.Nd3 c4 18.Bxd6 Qxd6 19.Nb4 Rad8 20.Qd4 h6 21.Rad1 Kf8 22.Nc6 Bxc6
23.dxc6 Qc7 24.Rxe8+ Rxe8 25.Qd5 g6 26.h4 h5 27.Qd4 Kg8 28.Qf6 Re7 29.Rd6 Kh7
30.Bd5 b5 31.Bxf7 Rxf7 32.Qxg6+ Kh8 33.Qh6+  1-0

[Event "ch-VIE"]
[Site "Ho Chi Minh City VIE"]
[Date "2010.03.28"]
[Round "5"]
[White "Nguyen Van Huy"]
[Black "Le Quang Liem"]
[Result "1/2-1/2"]
[WhiteElo "2419"]
[BlackElo "2689"]

1.e4 c5 2.Nf3 d6 3.d4 cxd4 4.Nxd4 Nf6 5.Nc3 a6 6.Be2 g6 7.O-O Bg7 8.f4 O-O
9.Bf3 Nbd7 10.Kh1 Qc7 11.Nd5 Nxd5 12.exd5 Nb6 13.c3 e5 14.dxe6 fxe6 15.Re1 Rf6
16.Qb3 d5 17.Bg4 Qd6 18.Be3 Nc4 19.Bg1 Nd2 20.Qc2 Ne4 21.Ne2 Bd7 22.Rad1 Qc7
23.Bf3 Nd6 24.Bd4 Rf7 25.Bxg7  1/2-1/2

[Event "ch-VIE"]
[Site "Ho Chi Minh City VIE"]
[Date "2010.03.29"]
[Round "6"]
[White "Le Quang Liem"]
[Black "Nguyen Huynh Minh Huy"]
[Result "1-0"]
[WhiteElo "2689"]
[BlackElo "2469"]

1.d4 d5 2.c4 c6 3.Nf3 Nf6 4.Nc3 e6 5.Bg5 dxc4 6.e4 b5 7.e5 h6 8.Bh4 g5 9.Nxg5 hxg5
10.Bxg5 Nbd7 11.g3 Bb7 12.Bg2 Qb6 13.exf6 O-O-O 14.O-O Bh6 15.Be3 c5 16.dxc5 Nxc5
17.Bxc5 Qxc5 18.Bxb7+ Kxb7 19.Qf3+ Qc6 20.Ne4 Rd5 21.Rfe1 Rhd8 22.Re2 b4
23.Rae1 Bd2 24.Rb1 a5 25.h4 Kb6 26.Rxd2  1-0

[Event "ch-VIE"]
[Site "Ho Chi Minh City VIE"]
[Date "2010.03.30"]
[Round "7"]
[White "Nguyen Anh Dung"]
[Black "Le Quang Liem"]
[Result "1/2-1/2"]
[WhiteElo "2464"]
[BlackElo "2689"]

1.d4 Nf6 2.c4 g6 3.Nc3 d5 4.Bg5 Ne4 5.Bh4 Nxc3 6.bxc3 Bg7 7.e3 c5 8.Nf3 Nc6
9.cxd5 Qxd5 10.Be2 cxd4 11.cxd4 O-O 12.O-O Bf5 13.Qa4 Rac8 14.Rac1 a6 15.h3 Qd6
16.Rfd1 Rfe8 17.d5 Qb4 18.Qb3 Qxb3 19.axb3 Nb4 20.Rxc8 Bxc8 21.e4 Na2 22.Bf1 Nc3
23.Re1 b5 24.Bg3 f5 25.exf5 Bxf5 26.d6 Ne4 27.d7 Rd8 28.Be5 Bxe5 29.Nxe5 Nd2
30.Ra1 Bxd7 31.Rxa6 Be8 32.Nc6 Bxc6 33.Rxc6 Nxf1 34.Kxf1 Rd3 35.Re6 Kf7 36.Re3 Rxe3
37.fxe3 Ke6 38.Ke2 Kd5 39.Kd3 g5 40.Kc3 Ke4 41.Kd2 h5 42.Ke2 h4 43.Kd2 Kf5
44.Kc3 Ke4 45.Kd2 Kf5 46.Kc3 Ke4  1/2-1/2

[Event "ch-VIE"]
[Site "Ho Chi Minh City VIE"]
[Date "2010.03.30"]
[Round "8"]
[White "Le Quang Liem"]
[Black "Nguyen Duc Hoa"]
[Result "1-0"]
[WhiteElo "2689"]
[BlackElo "2324"]

1.d4 d5 2.Nf3 Nf6 3.c4 c6 4.Nc3 a6 5.e3 b5 6.b3 Bg4 7.h3 Bxf3 8.Qxf3 e5 9.dxe5 Bb4
10.Bd2 Bxc3 11.Bxc3 Ne4 12.Bb4 bxc4 13.Qg4 c5 14.f3 Nc6 15.Qxg7 Rf8 16.fxe4 Nxb4
17.exd5 Nc2+ 18.Kf2 Qxd5 19.Be2 Nxa1 20.Rxa1 c3 21.Rc1 O-O-O 22.Qf6 Rg8 23.g4 Rg6
24.Qf5+ Kb8 25.Rxc3 Qh1 26.Qf4 Ka7 27.e6 Qc6 28.Qxf7+ Kb6 29.b4 Rd2 30.bxc5+ Ka5
31.Ra3+ Kb4 32.Rb3+ Ka5 33.Qf4 Qxc5 34.Ra3+ Kb6 35.Qb8+ Kc6 36.Rxa6+ Kd5
37.Qd8+  1-0

[Event "ch-VIE"]
[Site "Ho Chi Minh City VIE"]
[Date "2010.03.31"]
[Round "9"]
[White "Vo Thanh Ninh"]
[Black "Le Quang Liem"]
[Result "0-1"]
[WhiteElo "2341"]
[BlackElo "2689"]

1.c4 b6 2.Nc3 Bb7 3.e4 e6 4.g3 Bb4 5.Bg2 Bxc3 6.bxc3 f5 7.f3 Ne7 8.Nh3 fxe4
9.fxe4 O-O 10.Nf2 Qe8 11.O-O d6 12.d3 Nd7 13.Be3 e5 14.Bh3 Bc8 15.Qe2 Qg6
16.Qg4 Nf6 17.Qxg6 Nxg6 18.Bg5 Bxh3 19.Nxh3 Nd7 20.Be3 a6 21.Rxf8+ Ngxf8
22.Rb1 Ne6 23.Kf1 c6 24.Nf2 b5 25.Ke2 Kf7 26.Nd1 bxc4 27.dxc4 Nec5 28.Nf2 Ke6
29.Rb4 h6 30.Rb1 Na4 31.Kd2 Ndc5 32.Bxc5 Nxc5 33.Ke3 Rf8 34.h4 Kd7 35.Rb2 Kc7
36.Rb1 a5 37.Rb2 Na4 38.Rc2 c5 39.Nd1 Rf1 40.Ke2 Rg1 41.Ne3 Rxg3 42.Nf5 Nxc3+
43.Kf1 Rd3 44.Nxg7 Nxe4 45.h5 Rf3+ 46.Ke1 Rf7  0-1

[Event "ch-VIE Playoff"]
[Site "Ho Chi Minh City VIE"]
[Date "2010.04.01"]
[Round "1.1"]
[White "Le Quang Liem"]
[Black "Nguyen Duc Hoa"]
[Result "1-0"]
[WhiteElo "2689"]
[BlackElo "2324"]

1.d4 Nf6 2.Nf3 e6 3.c4 b6 4.g3 Ba6 5.Qc2 d5 6.cxd5 exd5 7.Bg2 Bd6 8.Nc3 O-O
9.O-O Re8 10.Bg5 Nbd7 11.Nxd5 Rxe2 12.Qa4 Bb7 13.Ne5 Bxe5 14.dxe5 Bxd5 15.Bxd5 Nxe5
16.Rad1 Qe8 17.Qa6 Rxb2 18.Bxa8 Qxa8 19.Qb7 Qf8 20.Rfe1 h6 21.Rxe5 hxg5 22.Qxc7 Nh7
23.Qc4 g4 24.Rde1 Rb4 25.Qd3 Nf6 26.Re7 Ra4 27.Qc2 Ra5 28.Rc7 Rc5 29.Rxc5 bxc5
30.Rc1 Nd7 31.Qf5 Qd6 32.Qxg4 Ne5 33.Qc8+ Kh7 34.Qxc5 Qf6 35.Qe3 g6 36.h3 Qd6
37.Re1 Nc4 38.Qf4 Qd5 39.Qh4+ Kg7 40.Re8 g5 41.Qh8+ Kg6 42.h4 Qd1+ 43.Kh2 Kf5
44.Qh7+ Kg4 45.Qe4+  1-0

[Event "ch-VIE Playoff"]
[Site "Ho Chi Minh City VIE"]
[Date "2010.04.02"]
[Round "2.1"]
[White "Le Quang Liem"]
[Black "Nguyen Anh Dung"]
[Result "1-0"]
[WhiteElo "2689"]
[BlackElo "2464"]

1.d4 Nf6 2.Nf3 e6 3.c4 b6 4.g3 Ba6 5.Qc2 c5 6.d5 exd5 7.cxd5 g6 8.Nc3 Bg7
9.Bg2 O-O 10.O-O d6 11.Re1 Nbd7 12.Bf4 Qe7 13.h3 Nh5 14.Bg5 f6 15.Bd2 f5
16.Qa4 Bb7 17.Ng5 a6 18.Ne6 b5 19.Qc2 b4 20.Na4 Rf7 21.a3 a5 22.e4 fxe4 23.Rxe4 Bxd5
24.Nxg7 Qf6 25.Nxh5 Qxf2+ 26.Kh1 gxh5 27.Rg1 Ne5 28.Rxe5 Bxg2+ 29.Rxg2 Qf1+
30.Kh2 dxe5 31.Qxc5 Rd8 32.Qe3 Rdf8 33.Qg5+ Rg7 34.Qxe5 h4 35.g4 Rgf7 36.Qg5+ Kh8
37.Be3 Rd7 38.Qc5 h6 39.Bxh6 Re8 40.Be3 Qf7 41.Nb6 Rd3 42.Bf2 Qg6 43.Bd4+ Kh7
44.Nd7 Rxh3+ 45.Kxh3 Qd3+ 46.Kxh4  1-0

[Event "ch-VIE Playoff"]
[Site "Ho Chi Minh City VIE"]
[Date "2010.04.03"]
[Round "2.2"]
[White "Nguyen Anh Dung"]
[Black "Le Quang Liem"]
[Result "1/2-1/2"]
[WhiteElo "2464"]
[BlackElo "2689"]

1.e4 c6 2.d4 d5 3.f3 e6 4.Nc3 Bb4 5.Qd3 Nf6 6.Bd2 b6 7.Nge2 Ba6 8.Qe3 O-O
9.O-O-O c5 10.a3 cxd4 11.Nxd4 Bc5 12.exd5 Nxd5 13.Qe4 Bxd4 14.Qxd4 Nc6 15.Qg4 Nf6
16.Qg3 Bxf1 17.Rhxf1 Ne7 18.Ne4 Nf5 19.Qf2 Nd5 20.g4 Nfe7 21.Kb1 Qc7 22.f4 Qc4
23.Rfe1 Rad8 24.Bc1 Qc8 25.Rd3 f5 26.Ng5 Rf6 27.Qe2 fxg4 28.Nxe6 Rd6 29.Ng5 Rd8
30.Qe4 h6 31.c4 hxg5 32.cxd5 Qf5 33.fxg5 Rfd6 34.Qxf5 Nxf5 35.Re5 g6 36.Bf4 Kf7
37.Kc2 R6d7 38.Kb3 Ne7 39.Bg3 Rxd5 40.Rdxd5 Nxd5 41.Re4 b5 42.Rxg4 Re8 43.Rh4 Re3+
44.Kc2 Ke6 45.Kd2 a5 46.Rd4 Rb3 47.Re4+ Kd7 48.Re5 Nb6 49.Kc1 Nc4 50.Re2 a4
51.Be5 Rf3 52.Bf6 Kd6 53.h4 Rh3 54.Re8 Rxh4 55.Rg8 Rh1+ 56.Kc2 Rh2+ 57.Kc1 Rh1+
58.Kc2 Rh2+  1/2-1/2

[Event "Sparkassen GM"]
[Site "Dortmund GER"]
[Date "2010.07.25"]
[Round "10"]
[White "Ponomariov,R"]
[Black "Le Quang Liem"]
[Result "1/2-1/2"]
[WhiteElo "2734"]
[BlackElo "2681"]

1.e4 c6 2.d4 d5 3.exd5 cxd5 4.Bd3 Nc6 5.c3 Nf6 6.h3 Qc7 7.Nf3 g6 8.O-O Bf5
9.Re1 Bxd3 10.Qxd3 Bg7 11.Nbd2 O-O 12.Nb3 e6 13.a4 Rfe8 14.g3 Ne4 15.Bf4 Qd8
16.h4 h6 17.Kg2 g5 18.hxg5 hxg5 19.Be3 f5 20.Ng1 Qf6 21.Ne2 Rad8 22.f3 Nd6
23.Qc2 f4 24.Bf2 Nc4 25.g4 Kf7 26.Nd2 Qg6 27.Rac1 e5 28.Qxg6+ Kxg6 29.Nxc4 dxc4
30.Red1 exd4 31.Nxd4 Ne5 32.Nf5 Nd3 33.Rc2 Bf6 34.Rh1 Rh8 35.Rxh8 Bxh8 36.Re2 Nxf2
37.Kxf2 Bf6 38.Re4 Rd2+ 39.Re2 Rd3 40.Re4 Rd2+ 41.Re2 Rd3 42.Re4  1/2-1/2

[Event "1st Campomanes Memorial Cup Open"]
[Site "Manila PHI"]
[Date "2010.08.28"]
[Round "1"]
[White "Le Quang Liem"]
[Black "Saptarshi,R"]
[Result "1/2-1/2"]
[WhiteElo "2681"]
[BlackElo "2387"]

1.d4 d5 2.c4 e6 3.Nc3 c6 4.Nf3 dxc4 5.a4 Bb4 6.g3 Nf6 7.Bg2 O-O 8.O-O c5
9.dxc5 Nc6 10.Bg5 Qxd1 11.Rfxd1 Bxc3 12.bxc3 Ne4 13.Ra3 Nxc5 14.Nd4 h6 15.Bf4 Rd8
16.Bxc6 bxc6 17.Rb1 Bb7 18.Rb4 Rac8 19.f3 Ba6 20.Be3 Nd7 21.Rb1 Nf6 22.Kf1 Kh7
23.Ke1 Rd7 24.Ra2 e5 25.Nc2 Nd5 26.Ra3 c5 27.Rd1 f5 28.Bf2 e4 29.fxe4 fxe4
30.Ne3 Nxe3  1/2-1/2

[Event "1st Campomanes Memorial Cup Open"]
[Site "Manila PHI"]
[Date "2010.08.29"]
[Round "2"]
[White "Turqueza,M"]
[Black "Le Quang Liem"]
[Result "1/2-1/2"]
[WhiteElo "2140"]
[BlackElo "2681"]

1.d4 Nf6 2.c4 e6 3.g3 d5 4.Nf3 Bb4+ 5.Bd2 Be7 6.Bg2 O-O 7.O-O c6 8.Qc2 b6
9.Bg5 Nbd7 10.Nbd2 Ba6 11.Rfe1 Rc8 12.e4 dxc4 13.Nxc4 h6 14.Bf4 Bb4 15.Red1 Nxe4
16.Nce5 Ndf6 17.Qa4 Ba5 18.Nxc6 Qe8 19.Nfe5 Bb7 20.Rac1 a6 21.a3 g5 22.Be3 Kg7
23.b4 b5 24.Qc2 Bc7 25.Na7 Bxe5 26.Nxc8 Bb8 27.Nb6 Qd8 28.d5 exd5 29.Bd4 Re8
30.Bxe4 Rxe4 31.Bxf6+ Qxf6 32.Nd7 Qd8 33.Nxb8 Qxb8 34.Qc7 Re8 35.Qxb8 Rxb8
36.f3 Kf6 37.Kf2 Ra8 38.Rc7 Bc8 39.Rxd5 Be6 40.Rd2 a5 41.Rb7 axb4 42.axb4 Bc4
43.Rb6+ Kg7 44.h4 Ra4 45.Rb2 Ra3 46.Rd6 Rc3 47.hxg5 hxg5 48.f4 g4 49.Kg2 Be6
50.Re2 Rc4  1/2-1/2

[Event "1st Campomanes Memorial Cup Open"]
[Site "Manila PHI"]
[Date "2010.08.30"]
[Round "4"]
[White "Nguyen Huynh Minh Huy"]
[Black "Le Quang Liem"]
[Result "0-1"]
[WhiteElo "2466"]
[BlackElo "2681"]

1.d4 Nf6 2.c4 e6 3.g3 Bb4+ 4.Bd2 Be7 5.Bg2 d5 6.Nf3 O-O 7.O-O c6 8.b3 Nbd7
9.Bc3 b6 10.Nbd2 Bb7 11.Qc2 c5 12.dxc5 bxc5 13.cxd5 exd5 14.Nh4 Re8 15.Rfe1 Bf8
16.Rad1 Rc8 17.Qb2 Qc7 18.Nf5 d4 19.Ba5 Nb6 20.Nf3 Be4 21.N5h4 Qb7 22.Nd2 Bd5
23.Bxb6 axb6 24.Nf1 Bxg2 25.Nxg2 Ne4 26.h4 g6 27.e3 Bg7 28.Qc2 Nc3 29.Rd2 b5
30.exd4 cxd4 31.Qd3 Ra8 32.Rxe8+ Rxe8 33.Nh2 Qe4 34.Nf4 Qa8 35.Nf3 Bh6 36.Kh2 Bxf4
37.gxf4 b4 38.Nxd4 Qb8 39.Qf3 Qd8 40.Kh3 Re4 41.Qd3 Rxf4 42.Kg2 Qxh4 43.f3 Ne4
44.Rc2 Qg3+  0-1

[Event "1st Campomanes Memorial Cup Open"]
[Site "Manila PHI"]
[Date "2010.08.31"]
[Round "5"]
[White "Le Quang Liem"]
[Black "So,W"]
[Result "1-0"]
[WhiteElo "2681"]
[BlackElo "2674"]

1.d4 d5 2.Nf3 Nf6 3.c4 c6 4.e3 a6 5.Bd3 Bg4 6.Nbd2 Nbd7 7.h3 Bh5 8.O-O e6
9.b3 Bd6 10.Bb2 Qe7 11.Qc2 Bxf3 12.Nxf3 Ba3 13.Bxa3 Qxa3 14.c5 Qa5 15.b4 Qc7
16.Qb2 O-O 17.a4 Rfb8 18.Rfb1 Qc8 19.b5 axb5 20.axb5 Rxa1 21.Qxa1 Ra8 22.Qb2 Kf8
23.Ra1 g6 24.b6 Ke8 25.Ra7 Rxa7 26.bxa7 Qa8 27.Qa3 Ng8 28.e4 Ne7 29.exd5 exd5
30.Bf1 f6 31.h4 Nc8 32.Qe3+ Kf7 33.Qh6 Kg8 34.h5 Ne7 35.Qf4 Kf8 36.Ne5 Nxe5
37.dxe5 Ng8 38.e6  1-0

[Event "39th Olympiad Men"]
[Site "Khanty-Mansiysk RUS"]
[Date "2010.09.25"]
[Round "5"]
[White "Le Quang Liem"]
[Black "Jobava,Ba"]
[Result "0-1"]
[WhiteElo "2694"]
[BlackElo "2710"]

1.d4 Nf6 2.c4 e6 3.Nf3 Bb4+ 4.Bd2 Bxd2+ 5.Qxd2 d5 6.Nc3 O-O 7.e3 Qe7 8.Qc2 Rd8
9.Rd1 a6 10.a3 h6 11.cxd5 exd5 12.h3 Nbd7 13.g4 c5 14.Bg2 c4 15.a4 Rb8 16.a5 b5
17.axb6 Rxb6 18.O-O Bb7 19.Nd2 Nf8 20.Rfe1 Ne6 21.f4 Rb8 22.Rb1 Bc6 23.Nf3 Nd7
24.Qc1 Nc7 25.Ne5 Nxe5 26.dxe5 Nb5 27.Na4 R6b7 28.Ra1 Nc7 29.Re2 Ne6 30.Nc3 Qc5
31.Rf2 d4 32.exd4 Nxd4 33.Bxc6 Nxc6 34.Na4 Qd4 35.Qd2 Qa7 36.Qd5 Nb4 37.Qxc4 Rc7
38.Qe4 Rc2 39.Rf1 Rd8 40.Qxb4 Rxf2 41.Rxf2 Rd1+ 42.Kg2 Qa8+ 43.Rf3 Rd3 44.Qb8+ Qxb8
45.Rxd3 Qb4  0-1